আত্মকথা, স্মৃতি-বিস্মৃতির বাংলাদেশ / (Record no. 3757)
[ view plain ]
| 000 -LEADER | |
|---|---|
| fixed length control field | 00869nam a2200241 a 4500 |
| 001 - CONTROL NUMBER | |
| JCCL Control Number | 3757 |
| 003 - CONTROL NUMBER IDENTIFIER | |
| JCCL marc code | BD-JhCC |
| 005 - DATE AND TIME OF LATEST TRANSACTION | |
| control field | 20171118112959.0 |
| 008 - FIXED-LENGTH DATA ELEMENTS--GENERAL INFORMATION | |
| fixed length control field | 171118s2010 bg a|||| ||a| 000 0 ben d |
| 020 ## - INTERNATIONAL STANDARD BOOK NUMBER | |
| International Standard Book Number | 9789848866016 |
| 035 ## - SYSTEM CONTROL NUMBER | |
| system control number | (BD-JhCC)3757 |
| 040 ## - CATALOGING SOURCE | |
| Original cataloging agency | BD-JhCC |
| Modifying agency | BD-JhCC |
| 041 ## - LANGUAGE CODE | |
| Language code of Book | ben |
| 082 ## - DEWEY DECIMAL CLASSIFICATION NUMBER | |
| Classification number | 378.12095492 |
| Author mark and Year | KAB 2010 |
| 100 ## - MAIN ENTRY--PERSONAL NAME | |
| Personal name | কবির, ইকবাল |
| 245 ## - TITLE STATEMENT | |
| Title | আত্মকথা, স্মৃতি-বিস্মৃতির বাংলাদেশ / |
| Statement of responsibility, etc | ইকবাল কবির, আবদুল মান্নান সৈয়দ (সম্পা) |
| 260 ## - PUBLICATION, DISTRIBUTION, ETC. (IMPRINT) | |
| Place of publication, distribution, etc | ঢাকা : |
| Name of publisher, distributor, etc | পাঠক সমাবেশ, |
| Date of publication, distribution, etc | 2010 |
| 300 ## - PHYSICAL DESCRIPTION | |
| Pagination | 322 p. : |
| Dimensions | 22 cm. |
| 650 ## - SUBJECT ADDED ENTRY--TOPICAL TERM | |
| Topical term or geographic name as entry element | Social Works |
| Geographic subdivision | Bangladesh |
| 700 ## - ADDED ENTRY--PERSONAL NAME | |
| Personal name | সৈয়দ, আবদুল মান্নান (সম্পা) |
| 942 ## - ADDED ENTRY ELEMENTS (KOHA) | |
| Source of classification or shelving scheme | Dewey Decimal Classification |
| Koha item type | Books |
| Source of classification or shelving scheme | Damaged status | Not for loan | Home library | Current library | Shelving location | Date of accession | Total Checkouts | Full call number | Barcode | Date last seen | Copy number | Koha item type |
|---|---|---|---|---|---|---|---|---|---|---|---|---|
| Dewey Decimal Classification | JCC Rouf Library | JCC Rouf Library | General Stacks | 11/18/2017 | 378.12095492 KAB 2010 | 3867 | 11/18/2017 | C-1 | Books |